Online katalóg knižníc regiónu Turca

Kronika 20. storočia (Record no. 22993)

MARC details
000 -LEADER
fixed length control field 01640nam a2200481 a 4500
001 - CONTROL NUMBER
control field 22993
003 - CONTROL NUMBER IDENTIFIER
control field SK-KTurca
005 - DATE AND TIME OF LATEST TRANSACTION
control field 20260513135240.0
008 - FIXED-LENGTH DATA ELEMENTS--GENERAL INFORMATION
fixed length control field 160830s2007 xo ob g e 000 0dslo
015 ## - NATIONAL BIBLIOGRAPHY NUMBER
National bibliography number SNBA2008/11-05191
020 ## - INTERNATIONAL STANDARD BOOK NUMBER
International Standard Book Number 9788089144891 (viaz. : 9. zv.)
020 ## - INTERNATIONAL STANDARD BOOK NUMBER
International Standard Book Number 9788089144808 (súbor)
035 ## - SYSTEM CONTROL NUMBER
System control number 68C77EA1-2B4E-4ACD-9152-DB6CF23FF5A1
035 ## - SYSTEM CONTROL NUMBER
System control number urn:nbn:sk:snk-amjvgc
035 ## - SYSTEM CONTROL NUMBER
System control number urn:nbn:sk:snk-am00842s
040 ## - CATALOGING SOURCE
Original cataloging agency SNK
Language of cataloging slo
Transcribing agency SNK
Description conventions AACR2
041 1# - LANGUAGE CODE
Language code of text/sound track or separate title slo
Language code of original ger
044 ## - COUNTRY OF PUBLISHING/PRODUCING ENTITY CODE
MARC country code xo
ISO country code SK
072 #7 - SUBJECT CATEGORY CODE
Subject category code 94(100)
Subject category code subdivision Svetové dejiny
Source konspekt
080 ## - UNIVERSAL DECIMAL CLASSIFICATION NUMBER
Universal Decimal Classification number 94(100)
Edition identifier 2011
080 ## - UNIVERSAL DECIMAL CLASSIFICATION NUMBER
Universal Decimal Classification number (048.8)
Edition identifier 2011
080 ## - UNIVERSAL DECIMAL CLASSIFICATION NUMBER
Universal Decimal Classification number (031)
Edition identifier 2011
130 0# - MAIN ENTRY--UNIFORM TITLE
Uniform title Chronik des 20. Jahrhunderts
Language of a work Slovensky
245 10 - TITLE STATEMENT
Title Kronika 20. storočia
Number of part/section of a work 9
Name of part/section of a work 1980-1989
Statement of responsibility, etc. [z nemeckého originálu ... preložili, doplnili a upravili Ladislav Deák ... [et al.] ; slovenské vydanie zostavila Edita Ivaničková]
246 30 - VARYING FORM OF TITLE
Title proper/short title 1980-1989
250 ## - EDITION STATEMENT
Edition statement [2. slov. vyd.]
260 ## - PUBLICATION, DISTRIBUTION, ETC.
Place of publication, distribution, etc. [Bratislava]
Name of publisher, distributor, etc. Fortuna Libri
-- [Petit Press]
Date of publication, distribution, etc. 2007
300 ## - PHYSICAL DESCRIPTION
Extent S. 1158-1326
Other physical details fotogr., mp.
Dimensions 30 cm
490 1# - SERIES STATEMENT
Series statement Edícia denníka SME
500 ## - GENERAL NOTE
General note Miesto vyd. podľa ISBN
648 #7 - SUBJECT ADDED ENTRY--CHRONOLOGICAL TERM
Chronological term 1980-1989
Source of heading or term SNKPH
650 07 - SUBJECT ADDED ENTRY--TOPICAL TERM
Topical term or geographic name entry element svetové dejiny
Source of heading or term SNKPH
650 07 - SUBJECT ADDED ENTRY--TOPICAL TERM
Topical term or geographic name entry element World history
Source of heading or term SNKPHeng
655 #7 - INDEX TERM--GENRE/FORM
Genre/form data or focus term chronologické prehľady
Source of term SNKPH
655 #7 - INDEX TERM--GENRE/FORM
Genre/form data or focus term encyklopédie
Source of term SNKPH
655 #7 - INDEX TERM--GENRE/FORM
Genre/form data or focus term Encyclopedias
Source of term SNKPHeng
700 1# - ADDED ENTRY--PERSONAL NAME
Personal name Deák, Ladislav,
Dates associated with a name 1931-2011
Relationship trl
700 1# - ADDED ENTRY--PERSONAL NAME
Personal name Ivaničková, Edita,
Dates associated with a name 1948-
Relationship com
830 #0 - SERIES ADDED ENTRY--UNIFORM TITLE
Uniform title Edícia denníka SME
942 ## - ADDED ENTRY ELEMENTS (KOHA)
Source of classification or shelving scheme Dewey Decimal Classification
Koha item type Odborná literatúra pre dospelých
Suppress in OPAC No
980 ## - EQUIVALENCE OR CROSS-REFERENCE-SERIES STATEMENT--PERSONAL NAME/TITLE [LOCAL, CANADA]
Personal name 94(100)
Holdings
Stav vyradenia Strata Poškodenie Spôsob nadobudnutia Domovská knižnica Aktuálna knižnica Dátum nadobudnutia Total checkouts Čiarový kód exemplára Date last seen Typ exemplára
      Dar Obecná knižnica Turčianska Štiavnička Obecná knižnica Turčianska Štiavnička 13.05.2026   4738001295 13.05.2026 Odborná literatúra pre dospelých
Projekt je podporený Slovenskou asociáciou knižníc
Prevádzkuje Turčianska knižnica Martin 2026